2024 AFL Premiership Team - Statistics

General Stats
  • This quiz has been taken 28 times
  • The average score is 19 of 25
Answer Stats
Hint Answer % Correct
Team Brisbane Lions
100%
Full Back Harris Andrews
95%
Forward Pocket Charlie Cameron
90%
Coach Chris Fagan
90%
Ruck Darcy Fort
90%
Back Pocket Dayne Zorko
90%
Full Forward Eric Hipwood
90%
Rover Lachie Neale
90%
Half Back Flank Brandon Starcevich
85%
Forward Pocket Callum Ah Chee
85%
Centre Half Forward Joe Daniher
85%
Ruck Rover Josh Dunkley
85%
Centre Will Ashcroft
85%
Half Forward Flank Jarrod Berry
80%
Half Forward Flank Cam Rayner
75%
Sub Conor McKenna
70%
Centre Half Back Jack Payne
70%
Wing Jaspa Fletcher
70%
Interchange Zac Bailey
70%
Wing Hugh McCluggage
65%
Interchange Kai Lohmann
65%
Half Back Flank Ryan Lester
65%
Interchange Darcy Wilmot
60%
Interchange Logan Morris
45%
Back Pocket Noah Answerth
30%
No matching quizzes found
Score Distribution
Percent of People with Each Score
Percentile by Number Answered
Your Score History
You have not taken this quiz